Statistiques concernant Coupe du Monde 1938: Un Joueur, une équipe

Cliquez ici pour prendre le quiz!

Statistiques générales

  • Ce quiz a été pris 27 fois
  • Le résultat moyen est 13 sur 15

Statistiques - réponses

Réponse% Correct
France
100%
Italie
100%
Pays-Bas
100%
Allemagne
96%
Norvège
96%
Roumanie
96%
Brésil
91%
Hongrie
91%
Pologne
91%
Suède
91%
Suisse
87%
Belgique
83%
Tchécoslovaquie
78%
Indes Orientales Néerlandaises
70%
Cuba
65%

Distribution des résultats

Percentile par nombre de réponses

% des personnes avec chaque résultat

Votre développement - résultats

Vous n’avez pas pris ce quiz